Statistics for Difficult Cold War Trivia

Click here to take the quiz!

General Stats

  • This quiz has been taken 890 times
  • The average score is 5 of 15

Answer Stats

HintAnswer% Correct
What was the name of the US Plan to fund the development of Europe in 1947?The Marshall Plan
88%
What did Ronald Reagan called the Soviet Union in 1983?The Evil Empire
68%
Of which country was Josip Broz Tito the leader of?Yugoslavia
59%
Name one Central Asian nation that was formerly part of the Soviet Union.Kazakhstan; Kyrgyzstan; Turkmenistan; Tajikistan; Uzbekistan
44%
Who succeeded Leonid Brezhnev as the leader of the CPSU?Yuri Andropov
43%
During the Cold War, which US President served for the shortest period of time?Gerald Ford
39%
What was the name of the political party formed by Lech Walesa in 1980?Solidarity Party
38%
What was the peaceful collapse of communism in Czechoslovakia popularly called?The Velvet Revolution
29%
What was the name of the reformist leader of Czechoslovakia in 1968?Alexander Dubcek
19%
What was the name of the US policy, envisioned by John Dulles, that involved constantly going to the brink of war to deter Soviet expansionism?Brinkmanship
19%
Who was the leader of South Korea during the Korean War?Syngman Rhee
18%
What was the first name of Mikhail Gorbachev's wife?Raisa
12%
Where was the first summit between George Bush Snr. and Mikhail Gorbachev held?Malta
5%
What was the name of the failed missile launched by the US to compete with Sputnik?The Vanguard
4%
What does SDI stand for?Strategic Defensive Initiative
3%

Score Distribution

Percentile by Number Answered

Percent of People with Each Score

Your Score History

You have not taken this quiz